000 00504nam a2200157 a 4500
001 000047014
005 20201002053303.0
008 180411s2015 dr a 000 spa d
020 _a9789945495997
040 _aDO-SdBNP
_bspa
_cBNPHU
082 _axxx
_bR382
245 0 _aReligión 2 :. :
_bformación humana y religiosa, segundo grado, primer ciclo educación primaria.
260 _aSanto Domingo :
_bActualidad escolar,
_c2015.
300 _a128 p. :
_bil ;
_c29 cm.
590 _aInventariado 2018 / DG
999 _c46502
_d46502